000 00757cam a22002773a 4500
001 2325
003 PGUSA
005 20140828083013.0
008 000901s2000||||xxu|||||s|||||000 1 eng d
040 _aPGUSA
_beng
042 _adc
050 4 _aPS
050 4 _aPZ
100 1 _aCory, David,
_d1872-1966
245 1 4 _aThe Iceberg Express
_h[electronic resource] /
_cDavid Cory
260 _bProject Gutenberg,
_c2000
506 _aPublic domain in the USA.
516 _aElectronic text
653 _aMermaids -- Juvenile fiction
653 _aFairy tales
653 _aAdventure and adventurers -- Juvenile fiction
653 _aFantasy
830 0 _aProject Gutenberg
_v2325
856 4 0 _uhttp://www.gutenberg.org/ebooks/2325
942 _cEB
999 _c231662
_d231662